000 00833nam a2200217 a 4500
001 47689
003 BD-RjUL
005 20211209054354.0
008 160810s bg ||||| |||| 00| 0 ben d
035 _a(BD-RjUL)47808
040 _aBD-RjUL
_bben
_cBD-RjUL
041 _aben
082 _a333.76
_bCHI
245 _aচিরস্থায়ী বন্দোবস্ত ও বাঙালী সমাজ /
_cমুনতাসীর মামুন সম্পাদিত
260 _aঢাকা :
_bমাওলা ব্রাদার্স,
_c[?]
300 _a[২৪], ১৫২ পৃ. ;
_c২১ সেমি.
650 _aজমি উদ্ধার
_9144882
650 _aReclamation of land
_9116959
700 _aমামুন, মুনতাসীর, সম্পাদক
_9122386
942 _2ddc
_cBK
999 _c47689
_d47689